00505nam a2200193 a 4500001001300000003000900013005001700022008004100039020000800080082001700088100001500105245003200120260003600152300001000188500003500198505003800233650002500271700001500296nice12345678IN_TiNIC20260116011604.0050524s1942 lona grp 000 0 eng  ac000a954.050bEPS aEpstein, M aStatesman`s Year Book 1942. aLondonbMacmillan and Co.c1942 a1474p aincludes index and biblioraphy2 aSeventy-ninth annual publications aIndia-Year Book-19421 aEpstein, M